Dotze problemes de psiquiatria clínica / [Coordinació de l'edició: Carlos Rejón Altable] Carlos Rejón Altable]
ISBN:
978-84-9803-234-5
Descripción Física:
105 p. ; 29 cm
Colección:
Documents de treball. Salut Pública ; 3
Otros Autores:
Rejón Altable, Carlos, coord
Materias:
Psiquiatria -- Estudi de casos
MARC
| LEADER | 00000nam a2200000Ia 4500 | ||
|---|---|---|---|
| 001 | 19619 | ||
| 008 | 160829s2007 xx 000 0 cat d | ||
| 020 | |a 978-84-9803-234-5 | ||
| 080 | |a C-3-17 | ||
| 245 | |a Dotze problemes de psiquiatria clínica / [Coordinació de l'edició: |b Carlos Rejón Altable] | ||
| 260 | |a Barcelona : |b Diputació de Barcelona. Àrea de Salut Pública i Consum, |c 2007 | ||
| 300 | |a 105 p. ; |c 29 cm | ||
| 490 | |a Documents de treball. Salut Pública ; 3 | ||
| 590 | |a Referències bibliogràfiques a cada capítol | ||
| 650 | |a Psiquiatria |x Estudi de casos |9 40093 | ||
| 700 | |a Rejón Altable, Carlos, coord. |9 40094 | ||
| 710 | |a Barcelona (Catalunya : Província). |b Àrea de Salut Pública i Consum |9 7348 | ||
| 901 | |a Arxiu | ||
| 942 | |n 1 | ||
| 952 | |0 0 |1 0 |4 0 |6 C317 |7 1 |9 49411 |a Arxiu |b Arxiu |d 2016-12-01 |l 0 |o C-3-17 |p 19619 |r 2016-12-01 00:00:00 |w 2016-12-01 |y ARXIU | ||
| 999 | |c 53253 |d 53253 | ||